00613cam a2200193u 450000100060000000300080000600500170001400800390003103500190007004000330008904100080012205100240013008200230015410000300017724501070020726000300031430000440034460000310038822299BD-RjUL20250618154313.0140308s1905 enkc 000 0aeng a(BD-RjUL)22364 aDLCcCarPdDLCdBD-RjULbeng aeng cMicrofilm 18162 PR. a821.4bMIP V1 19051 aMilton, John,d1608-1674.04aThe prose works of John Milton /c[by] John Milton.pEikonoklastes The Tenure Of Kings And Magistrates aLondon :bMethuen,c1905. ax, 174 p., 40 p. :bPortraits ;c19 cm. 0aMilton, John, y1608-1674.